Návrh zefektívnenia postupu tvorby plánu personálnych rezerv v podniku ZF SACHS Slovakia, a. s. Trnava = Suggestion for streamline procedure creation of personnel backup in ZF SACHS Slovakia, a. s. Trnava : Diplomová práca

Gespeichert in:
Bibliographische Detailangaben
1. Verfasser: Habalová, Gabriela (Verfasst von)
Weitere Verfasser: Domjánová, Diana (xxx)
Format: Manuskript Buch
Sprache:Slowakisch
Veröffentlicht: Trnava : STU v Bratislave MTF UPMK, 2009
Schlagworte:
Tags: Tag hinzufügen
Keine Tags, Fügen Sie das erste Tag hinzu!

MARC

LEADER 00000ntm a22000003a 4500
001 stu186692
005 20160719160117.6
008 090706s2009----xo------------------slo-d
040 |a STU  |b slo 
041 0 |a slo 
044 |a xo 
100 1 |a Habalová, Gabriela  |4 aut 
245 1 |a Návrh zefektívnenia postupu tvorby plánu personálnych rezerv v podniku ZF SACHS Slovakia, a. s. Trnava = Suggestion for streamline procedure creation of personnel backup in ZF SACHS Slovakia, a. s. Trnava :  |b Diplomová práca 
260 |a Trnava :  |b STU v Bratislave MTF UPMK,  |c 2009 
300 |a 84 s  |c Príloha, 1 CD-ROM 
500 |a Študijný program: priemyselné manažérstvo 
500 |a Študijný odbor: 5.2.52 priemyselné inžinierstvo 
650 7 |a manažment nástupníctva  |2 stusub 
650 7 |a personálne rezervy  |2 stusub 
650 7 |a hodnotenie  |2 stusub 
700 1 |a Domjánová, Diana  |4 xxx 
996 |b 284M070706  |c M*DP-8027  |l MMSKP  |s P  |a 0  |w stu186692_0001